[Event "Commonwealth & South African Open 2011"]
[Site "Emperors Casino and Conference"]
[Date "2011.06.24"]
[Round "5.13"]
[White "Ivana Maria, Furtado"]
[Black "Mabusela, Johannes M"]
[Result "0-1"]
[WhiteElo "1999"]
[BlackElo "2272"]
[PlyCount "52"]
[EventDate "2011.06.24"]

1. d4 Nf6 2. c4 e6 3. Nf3 b6 4. g3 Bb7 5. Bg2 Be7 6. O-O O-O 7. Re1 d5 8. cxd5
exd5 9. Nc3 Nbd7 10. Bf4 Ne4 11. Rc1 c5 12. dxc5 Bxc5 13. Nxe4 dxe4 14. Nd4 Nf6
15. Nb5 a6 16. Nc3 Qe7 17. Na4 Rad8 18. Qc2 Bb4 19. Red1 Rxd1+ 20. Qxd1 Rd8 21.
Qc2 Nd5 22. a3 Nxf4 23. gxf4 Bd6 24. e3 g5 25. Nxb6 gxf4 26. exf4 Qh4 {
notation unreadable black wins on move 40} 0-1

[Event "Commonwealth & South African Open 2011"]
[Site "Emperors Casino and Conference"]
[Date "2011.06.24"]
[Round "5.14"]
[White "Peretz, Leon"]
[Black "Gluckman, David"]
[Result "1/2-1/2"]
[WhiteElo "1897"]
[BlackElo "2262"]
[PlyCount "56"]
[EventDate "2011.06.24"]

1. d4 e6 2. Nf3 f5 3. Nc3 Nf6 4. Bf4 Bb4 5. a3 Bxc3+ 6. bxc3 b6 7. e3 Bb7 8.
Bc4 O-O 9. O-O Nc6 10. Ng5 Qe7 11. d5 exd5 12. Bxd5+ Nxd5 13. Qxd5+ Kh8 14.
Rfd1 d6 15. c4 Nd8 16. Qd4 Ne6 17. Nxe6 Qxe6 18. Rab1 a5 19. Qc3 Qg6 20. Bg3 h5
21. c5 dxc5 22. Rd7 Rf7 23. Rbd1 Qc6 24. Rd8+ Rxd8 25. Rxd8+ Kh7 26. f3 Rd7 27.
Rxd7 Qxd7 28. Kf2 a4 {Draw} 1/2-1/2

[Event "Commonwealth & South African Open 2011"]
[Site "Emperors Casino and Conference"]
[Date "2011.06.24"]
[Round "5.15"]
[White "Sachdev, Tania"]
[Black "Bornheim, Craig"]
[Result "1/2-1/2"]
[WhiteElo "2416"]
[BlackElo "1806"]
[PlyCount "50"]
[EventDate "2011.06.24"]

1. d4 Nf6 2. c4 c5 3. d5 b5 4. cxb5 a6 5. b6 g6 6. Nc3 d6 7. e4 Bg7 8. Nf3 Nbd7
9. a4 a5 10. Bb5 O-O 11. O-O Nxb6 12. h3 Nfd7 13. Re1 Ba6 14. Bxa6 Rxa6 15. Bf4
Nf6 16. Qe2 Ra7 17. Rad1 Nh5 18. Bd2 Bxc3 19. bxc3 Nxa4 20. Ra1 Nb6 21. Qb5 Qc7
22. Reb1 Nd7 23. Qa4 Nhf6 24. Bh6 Rb8 25. Nd2 Nb6 {Draw} 1/2-1/2

[Event "Commonwealth & South African Open 2011"]
[Site "Emperors Casino and Conference"]
[Date "2011.06.24"]
[Round "5.16"]
[White "Gems, Patrick"]
[Black "Karavade, Eesha"]
[Result "0-1"]
[WhiteElo "1903"]
[BlackElo "2343"]
[PlyCount "80"]
[EventDate "2011.06.24"]

1. e4 c5 2. Nf3 d6 3. d4 cxd4 4. Nxd4 Nf6 5. Nc3 a6 6. Be2 e5 7. Nb3 Be7 8. O-O
O-O 9. Be3 Be6 10. f4 exf4 11. Rxf4 Nc6 12. Nd5 Bxd5 13. exd5 Ne5 14. Qd2 Nfd7
15. Rf5 Rc8 16. Raf1 Qc7 17. c3 Rfe8 18. Bd4 g6 19. R5f2 Bf8 20. Qf4 Bg7 21. c4
Re7 22. Qh4 Rce8 23. Nc1 f5 24. b3 Ng4 25. Bxg7 Nxf2 26. Bd4 Ne4 27. g4 f4 28.
Qh6 Qa5 29. Bd3 Qd2 30. h4 Ng3 31. h5 Nxf1 32. hxg6 Qh2+ 33. Qxh2 Nxh2 34.
gxh7+ Rxh7 35. Bxh7+ Kxh7 36. Kxh2 Re1 37. Bb2 Rd1 38. Kh3 Kh6 39. Ba3 Kg5 40.
Ne2 Rd3+ 0-1

[Event "Commonwealth & South African Open 2011"]
[Site "Emperors Casino and Conference"]
[Date "2011.06.24"]
[Round "5.17"]
[White "van Zyl, Marius J"]
[Black "Ovcina, Denis"]
[Result "0-1"]
[WhiteElo "1877"]
[BlackElo "2248"]
[PlyCount "28"]
[EventDate "2011.06.24"]

1. c4 Nf6 2. Nc3 g6 3. g3 Bg7 4. Bg2 O-O 5. Nf3 c6 6. O-O d6 7. d3 e5 8. c5 Na6
9. cxd6 Qxd6 10. d4 exd4 11. Qxd4 Qe7 12. Bg5 h6 13. Qe3 Be6 14. Bxh6 Ng4 {
notation unclear Black wins in 25 moves} 0-1

[Event "Commonwealth & South African Open 2011"]
[Site "Emperors Casino and Conference"]
[Date "2011.06.24"]
[Round "5.18"]
[White "Goosen, Anton"]
[Black "Crismann, Alessandro"]
[Result "1-0"]
[WhiteElo "2182"]
[BlackElo "1858"]
[PlyCount "91"]
[EventDate "2011.06.24"]

1. Nf3 Nf6 2. g3 g6 3. Bg2 Bg7 4. O-O c5 5. d3 O-O 6. e4 Nc6 7. Re1 d5 8. Nbd2
b6 9. c3 dxe4 10. dxe4 Bb7 11. Qc2 Qc7 12. Nc4 Nd7 13. a4 a6 14. Bh3 Nde5 15.
Nfxe5 Nxe5 16. Nxe5 Qxe5 17. Bf4 Qh5 18. Bg2 e5 19. Be3 Qg4 20. Qb3 Rab8 21. f3
Qe6 22. Qxe6 fxe6 23. a5 bxa5 24. Bxc5 Rfd8 25. Red1 a4 26. Bf1 Bf8 27. Bxf8
Kxf8 28. Rxd8+ Rxd8 29. Rxa4 Rd1 30. Rb4 Bc6 31. Kf2 Rd2+ 32. Ke3 Rxh2 33. Bxa6
h5 34. Bf1 g5 35. Rc4 Bd7 36. Rc5 h4 37. Rxe5 hxg3 38. Rxg5 Rxb2 39. Rxg3 Rb3
40. Kd4 Kf7 41. f4 Kf6 42. Bd3 Rb6 43. e5+ Kf7 44. Rg6 Bb5 45. Rf6+ Ke7 46. Kc5
1-0

[Event "Commonwealth & South African Open 2011"]
[Site "Emperors Casino and Conference"]
[Date "2011.06.24"]
[Round "5.19"]
[White "Ringoir, Guy"]
[Black "Makoto, Rodwell"]
[Result "0-1"]
[WhiteElo "1870"]
[BlackElo "2166"]
[PlyCount "44"]
[EventDate "2011.06.24"]

1. e4 e5 2. Nc3 Nc6 3. Bc4 Nf6 4. d3 Na5 5. Nge2 Nxc4 6. dxc4 Bc5 7. O-O d6 8.
a3 a6 9. Qd3 Be6 10. b3 O-O 11. Bg5 h6 12. Bd2 Qd7 13. a4 Nh7 14. Ng3 Rae8 15.
Rae1 h5 16. Be3 Bxe3 17. fxe3 h4 18. Nge2 Qd8 19. Kh1 Qg5 20. Ng1 Qh6 21. Nd5
c6 22. Nc3 Bg4 {notation unclear black wins in 65 moves} 0-1

[Event "Commonwealth & South African Open 2011"]
[Site "Emperors Casino and Conference"]
[Date "2011.06.24"]
[Round "5.20"]
[White "Mudongo, Boikutso"]
[Black "Phiri, Richmond"]
[Result "0-1"]
[WhiteElo "1864"]
[BlackElo "2165"]
[PlyCount "48"]
[EventDate "2011.06.24"]

1. e4 c5 2. Nf3 e6 3. d4 cxd4 4. Nxd4 a6 5. Nc3 b5 6. Bd3 Qb6 7. Nb3 Qc7 8. O-O
Nf6 9. Kh1 Be7 10. f4 b4 11. Ne2 d6 12. Ng3 O-O 13. Qe2 Nbd7 14. Bd2 a5 15.
Rae1 Re8 16. c3 bxc3 17. Bxc3 e5 18. f5 a4 19. Nd2 Nc5 20. Bc4 Ba6 21. Bb4 Bxc4
22. Qxc4 Rec8 23. Rc1 Qb7 24. Bxc5 Rxc5 {notation unclear} 0-1

[Event "Commonwealth & South African Open 2011"]
[Site "Emperors Casino and Conference"]
[Date "2011.06.24"]
[Round "5.21"]
[White "Bhawoodien, Mohamed O"]
[Black "Anderson, Gavin A"]
[Result "1/2-1/2"]
[WhiteElo "1859"]
[BlackElo "2157"]
[PlyCount "84"]
[EventDate "2011.06.24"]

1. d4 Nf6 2. c4 g6 3. Nc3 d5 4. Nf3 Bg7 5. Bg5 Ne4 6. Bh4 Nxc3 7. bxc3 c5 8.
cxd5 Qxd5 9. e3 Nc6 10. Be2 O-O 11. O-O cxd4 12. cxd4 Bf5 13. Rc1 Qxa2 14. d5
Rfd8 15. Bc4 Qa3 16. Qe2 Na5 17. e4 Bg4 18. Ba2 Rac8 19. Rxc8 Rxc8 20. h3 Bxf3
21. gxf3 Be5 22. Kg2 b5 23. f4 Bb2 24. Rb1 Qxa2 25. Rxb2 Qc4 26. Qxc4 Nxc4 27.
Rxb5 Nd6 28. Rb4 Kf8 29. f3 a5 30. Ra4 Rc2+ 31. Bf2 Nc4 32. Kg3 h5 {Black &
white notation do not match Draw on move 80} 33. h4 Rc1 34. e5 Ke8 35. e6 fxe6
36. dxe6 Kd8 37. f5 gxf5 38. Kf4 Rc2 39. Bc5 Nb2 40. Bb4 Kc8 41. Rxa5 Kb8 42.
Bxe7 Re2 1/2-1/2

[Event "Commonwealth & South African Open 2011"]
[Site "Emperors Casino and Conference"]
[Date "2011.06.24"]
[Round "5.22"]
[White "Bouah, Lyndon"]
[Black "van der Walt, Pierre E"]
[Result "1-0"]
[WhiteElo "2147"]
[BlackElo "1890"]
[PlyCount "66"]
[EventDate "2011.06.24"]

1. d4 Nf6 2. c4 e6 3. Nc3 Bb4 4. e3 b6 5. Bd3 Bb7 6. f3 c5 7. Nge2 cxd4 8. exd4
O-O 9. O-O d5 10. a3 Be7 11. Kh1 dxc4 12. Bxc4 Nc6 13. Be3 Rc8 14. Bd3 Na5 15.
Bc1 Qd7 16. Rb1 Rfd8 17. Qe1 Nc6 18. Be3 Qe8 19. Rd1 Rd7 20. Qh4 Qd8 21. Qh3 g6
22. Bb5 a6 23. Ba4 b5 24. Bb3 Na5 25. Ba2 Nc4 26. Bc1 Nd5 27. Nxd5 Rxd5 28. Nf4
Rxd4 29. Rxd4 Qxd4 30. Nxe6 Qe5 31. Nf4 Bg5 32. Nd3 Qe2 33. Re1 h5 {Notation
unclear Black resign on move 38} 1-0

[Event "Commonwealth & South African Open 2011"]
[Site "Emperors Casino and Conference"]
[Date "2011.06.24"]
[Round "5.32"]
[White "Modi, Jaishil"]
[Black "Jonker, Matthew D"]
[Result "*"]
[WhiteElo "1790"]
[BlackElo "2069"]
[PlyCount "120"]
[EventDate "2011.06.24"]

1. e4 c5 2. Nf3 e6 3. c3 d5 4. exd5 Qxd5 5. d4 Nf6 6. Be2 Nc6 7. O-O Be7 8. Na3
O-O 9. Nb5 Qd8 10. dxc5 Bxc5 11. Bf4 Nd5 12. Bg3 Qf6 13. Qd2 a6 14. Nbd4 Nxd4
15. Nxd4 Rd8 16. Rad1 Bd7 17. Nf3 Qe7 18. Qc2 Rac8 19. Qb1 b5 20. Ne5 Be8 21.
Bd3 h6 22. Bh7+ Kh8 23. Be4 Nf6 24. Bf3 Bd6 25. Rfe1 Kg8 26. Re3 Bxe5 27. Bxe5
Rxd1+ 28. Qxd1 Rd8 29. Rd3 Rxd3 30. Qxd3 Qd7 31. Qxd7 Bxd7 32. Bb7 a5 33. a4
Nd5 34. axb5 Bxb5 35. b3 Bd7 36. c4 Ne7 37. Bc3 a4 38. b4 a3 39. Kf1 Kf8 40.
Ke2 Nf5 41. Kd3 Nd6 42. Bf3 f6 43. b5 Bc8 44. Ba1 e5 45. Bd5 Ke7 46. Kc3 Bb7
47. Bxb7 Nxb7 48. Kb3 Kd6 49. Bc3 Kc5 50. Bb4+ Kd4 51. Bxa3 Na5+ 52. Ka4 Nxc4
53. Bf8 g6 54. Kb4 Kd5 55. Bxh6 f5 56. g3 e4 57. Bf4 Nb6 58. Ka5 Nd7 59. Ka6
Kd4 60. Be3+ Kd5 *

[Event "Commonwealth & South African Open 2011"]
[Site "Emperors Casino and Conference"]
[Date "2011.06.24"]
[Round "5.33"]
[White "Davies, Jason S"]
[Black "Zwakalala, Ntando"]
[Result "*"]
[WhiteElo "2048"]
[BlackElo "1747"]
[PlyCount "60"]
[EventDate "2011.06.24"]

1. d4 Nf6 2. c4 e6 3. Nc3 Bb4 4. Qc2 d5 5. e3 c5 6. a3 Bxc3+ 7. bxc3 O-O 8. Bd3
Nc6 9. Ne2 dxc4 10. Bxc4 e5 11. Bb2 exd4 12. cxd4 cxd4 13. Nxd4 Qa5+ 14. Qc3
Qg5 15. Nxc6 bxc6 16. O-O-O Ne4 17. Qc2 Nc5 18. h4 Qh6 19. Bxf7+ Rxf7 20. Qxc5
Rd7 21. Rxd7 Bxd7 22. Qe7 Bg4 23. f3 Bh5 24. Rd1 Re8 25. Rd8 Rxd8 26. Qxd8+ Kf7
27. Qc7+ Kf8 28. Bd4 Qg6 29. g4 Qf7 30. Qd6+ Kg8 *

[Event "Commonwealth & South African Open 2011"]
[Site "Emperors Casino and Conference"]
[Date "2011.06.24"]
[Round "5.34"]
[White "Southey, Andrew M"]
[Black "Gornall, Keith"]
[Result "*"]
[WhiteElo "1773"]
[BlackElo "2039"]
[PlyCount "54"]
[EventDate "2011.06.24"]

1. e4 e6 2. d4 d5 3. e5 c5 4. c3 Qb6 5. Nf3 Bd7 6. a4 Nc6 7. Be2 c4 8. O-O f6
9. exf6 Nxf6 10. Nbd2 Bd6 11. b4 a6 12. Re1 O-O 13. Qc2 Qc7 14. Nf1 e5 15. dxe5
Nxe5 16. Be3 Nfg4 17. Nd4 Nd3 18. Bxd3 cxd3 19. Qxd3 Bxh2+ 20. Kh1 Rae8 21. Nf3
Rxe3 22. Qxd5+ Be6 23. Qd2 Rexf3 24. gxf3 Rxf3 25. Rxe6 Rf8 26. Qd5 Kh8 27. Qd4
h5 *

[Event "Commonwealth & South African Open 2011"]
[Site "Emperors Casino and Conference"]
[Date "2011.06.24"]
[Round "5.35"]
[White "Cox, Rian"]
[Black "Breytenbach, Jan"]
[Result "*"]
[WhiteElo "1763"]
[BlackElo "2036"]
[PlyCount "61"]
[EventDate "2011.06.24"]

1. e4 c5 2. Nf3 Nc6 3. Bb5 g6 4. Bxc6 bxc6 5. d3 Bg7 6. O-O d5 7. e5 Bg4 8. Re1
e6 9. c3 Ne7 10. h3 Bxf3 11. Qxf3 Qc7 12. Bf4 a5 13. Nd2 a4 14. b4 cxb4 15.
cxb4 Nf5 16. Rac1 O-O 17. g4 Nd4 18. Qe3 Nb5 19. Nf3 Rac8 20. Re2 Qe7 21. Rc5
Rc7 22. Bg5 Qd7 23. d4 a3 24. Bf6 Ra8 25. Bxg7 Kxg7 26. Rec2 Ra4 27. Qd2 Qe7
28. g5 Kg8 29. h4 Qf8 30. Rxb5 cxb5 31. Rxc7 *

[Event "Commonwealth & South African Open 2011"]
[Site "Emperors Casino and Conference"]
[Date "2011.06.24"]
[Round "5.36"]
[White "Takawira, Erick"]
[Black "Tlale, Tshepang"]
[Result "*"]
[WhiteElo "2035"]
[BlackElo "1739"]
[PlyCount "53"]
[EventDate "2011.06.24"]

1. e4 c5 2. Nf3 d6 3. d3 Nc6 4. g3 Nf6 5. Bg2 g6 6. O-O Bg7 7. Nbd2 Be6 8. Ng5
Bg4 9. f3 Bd7 10. c3 Qc8 11. f4 Bg4 12. Qe1 h6 13. Ngf3 Rb8 14. Nc4 a6 15. a4
O-O 16. a5 Qc7 17. Nfd2 Bd7 18. h3 e6 19. g4 d5 20. e5 dxc4 21. exf6 Bxf6 22.
Nxc4 Ne7 23. f5 exf5 24. Bf4 Qd8 25. Bxb8 Qxb8 26. Qe3 Bg5 27. Qxc5 *

[Event "Commonwealth & South African Open 2011"]
[Site "Emperors Casino and Conference"]
[Date "2011.06.24"]
[Round "5.37"]
[White "Koekemoer, Bernard"]
[Black "Boikanyo, Cinky"]
[Result "*"]
[WhiteElo "1752"]
[BlackElo "2029"]
[PlyCount "47"]
[EventDate "2011.06.24"]

1. d4 Nf6 2. c4 g6 3. g3 Bg7 4. Bg2 d6 5. b3 O-O 6. Nf3 c6 7. O-O Qa5 8. Bb2
Qh5 9. e3 Bh3 10. Nbd2 Bxg2 11. Kxg2 Nbd7 12. Rc1 Rac8 13. Qe2 Rfd8 14. Rfd1 d5
15. Ba3 e5 16. dxe5 Nxe5 17. cxd5 Nxd5 18. Nc4 Nxc4 19. Qxc4 b5 20. Qe2 Nc3 21.
Rxc3 Bxc3 22. Qc2 b4 23. Bb2 Bxb2 24. Qxb2 *

[Event "Commonwealth & South African Open 2011"]
[Site "Emperors Casino and Conference"]
[Date "2011.06.24"]
[Round "5.38"]
[White "Kromhout, Alexander"]
[Black "Naidoo, Kalyavan"]
[Result "*"]
[WhiteElo "2005"]
[BlackElo "1697"]
[PlyCount "73"]
[EventDate "2011.06.24"]

1. d4 Nf6 2. c4 e6 3. Nc3 Bb4 4. f3 d5 5. cxd5 exd5 6. a3 Bxc3+ 7. bxc3 c5 8.
Qc2 cxd4 9. cxd4 O-O 10. e3 Bd7 11. Bd3 Nc6 12. Ne2 Rc8 13. Qb2 b6 14. Bd2 Na5
15. Bxa5 bxa5 16. Ng3 Re8 17. Kf2 Re6 18. Qd2 Rb8 19. Rab1 Reb6 20. Ne2 Rxb1
21. Rxb1 Rxb1 22. Bxb1 Qb8 23. Ba2 Qxh2 24. Qxa5 g5 25. Bxd5 Bh3 26. f4 Ng4+
27. Ke1 Bxg2 28. Qd8+ Kg7 29. Qxg5+ Kf8 30. Qd8+ Kg7 31. Qg5+ Kf8 32. Bxf7 Bf3
33. Qg8+ Ke7 34. Qe8+ Kf6 35. Bc4 Qh1+ 36. Kd2 Qb1 37. Qf7# *

[Event "Commonwealth & South African Open 2011"]
[Site "Emperors Casino and Conference"]
[Date "2011.06.24"]
[Round "5.39"]
[White "Lewis, Mark MM"]
[Black "Molebatsi, Teboho"]
[Result "*"]
[WhiteElo "1993"]
[BlackElo "1672"]
[PlyCount "71"]
[EventDate "2011.06.24"]

1. d4 Nf6 2. Nf3 g6 3. g3 Bg7 4. Bg2 O-O 5. O-O d5 6. c4 c6 7. Qb3 Nbd7 8. cxd5
cxd5 9. Nc3 Nb6 10. Ne5 e6 11. Bg5 h6 12. Bd2 Nfd7 13. Nf3 Nc4 14. Bc1 Na5 15.
Qc2 b6 16. b3 Ba6 17. Ba3 Re8 18. Rac1 Rc8 19. Qd2 Nf6 20. Ne5 Ne4 21. Nxe4
dxe4 22. Rxc8 Bxc8 23. Rd1 Bb7 24. Qf4 Qf6 25. Rc1 Qxf4 26. gxf4 Bd5 27. Rc7
Bxe5 28. fxe5 Nc6 29. e3 b5 30. Bc5 a5 31. Bf1 Rb8 32. Bd6 Rb6 33. Rc8+ Kg7 34.
Bf8+ Kh7 35. Rc7 Kg8 36. Bxh6 {notation unclear} *

[Event "Commonwealth & South African Open 2011"]
[Site "Emperors Casino and Conference"]
[Date "2011.06.24"]
[Round "5.40"]
[White "du Toit, Stefan M"]
[Black "Wilken, Justin B"]
[Result "*"]
[WhiteElo "1690"]
[BlackElo "1987"]
[PlyCount "43"]
[EventDate "2011.06.24"]

1. e4 g6 2. d4 Bg7 3. Be3 d6 4. Nc3 c6 5. Qd2 Qa5 6. Nf3 Bg4 7. Be2 Nd7 8. h3
Bxf3 9. Bxf3 Ngf6 10. O-O O-O 11. Bh6 Rfe8 12. Bxg7 Kxg7 13. Rad1 Rad8 14. Rfe1
d5 15. e5 c5 16. Be2 a6 17. a4 Rc8 18. f3 c4 19. Qe3 Nh5 20. Ra1 Nb6 21. Kh2 f5
22. f4 {notation unclear} *

[Event "Commonwealth & South African Open 2011"]
[Site "Emperors Casino and Conference"]
[Date "2011.06.24"]
[Round "5.42"]
[White "Skosana, Stephen"]
[Black "Barrish, Daniel"]
[Result "1/2-1/2"]
[WhiteElo "1959"]
[BlackElo "1678"]
[PlyCount "49"]
[EventDate "2011.06.24"]

1. d4 Nf6 2. c4 e6 3. Nf3 b6 4. g3 Ba6 5. Qc2 c5 6. d5 exd5 7. cxd5 d6 8. Nc3
g6 9. Bg2 Bg7 10. O-O O-O 11. Bg5 Qc7 12. a4 Nbd7 13. h3 Rfe8 14. Rfe1 c4 15.
Nd4 Rac8 16. Rad1 Ne5 17. Ncb5 Bxb5 18. axb5 h6 19. Be3 Nfd7 20. Nc6 h5 21. Ra1
Nxc6 22. dxc6 Kh8 23. Qxc4 Bxb2 24. Ra2 Bg7 25. Qxf7 1/2-1/2

[Event "Commonwealth & South African Open 2011"]
[Site "Emperors Casino and Conference"]
[Date "2011.06.24"]
[Round "5.43"]
[White "Fourie, Petrus J"]
[Black "Pitso, Fusi P"]
[Result "0-1"]
[WhiteElo "1552"]
[BlackElo "1949"]
[PlyCount "38"]
[EventDate "2011.06.24"]

1. d4 Nf6 2. c4 e6 3. Nf3 b6 4. Bg5 Bb7 5. e3 Be7 6. Bd3 h6 7. Bxf6 Bxf6 8. Nc3
O-O 9. O-O g6 10. e4 d6 11. Qd2 Bg7 12. Rfe1 c5 13. d5 e5 14. g3 Nd7 15. h4 Nf6
16. Kg2 Nh5 17. Nh2 f5 18. Qe2 f4 19. g4 f3+ 0-1

[Event "Commonwealth & South African Open 2011"]
[Site "Emperors Casino and Conference"]
[Date "2011.06.24"]
[Round "5.44"]
[White "Gumpo, Thabo"]
[Black "Masangu, Bismark"]
[Result "1-0"]
[WhiteElo "1944"]
[BlackElo "1917"]
[PlyCount "155"]
[EventDate "2011.06.24"]

1. e4 c5 2. Nf3 Nc6 3. d3 d6 4. Nbd2 Nf6 5. g3 g6 6. Bg2 Bg7 7. O-O O-O 8. c3
Bg4 9. h3 Bd7 10. Kh2 b5 11. d4 Qc7 12. Qe2 Rab8 13. d5 Na5 14. Ne1 c4 15. Nc2
Nb7 16. f4 Nc5 17. Nd4 Nd3 18. b4 a5 19. a3 axb4 20. axb4 Ra8 21. Rxa8 Rxa8 22.
e5 Nh5 23. exd6 exd6 24. N2f3 Re8 25. Qd1 Qb6 26. Bd2 Nxb4 27. g4 Nxf4 28. Bxf4
Nxd5 29. Bd2 Ne3 30. Bxe3 Rxe3 31. Qa1 Qc5 32. Qa8+ Re8 33. Qb7 Re7 34. Kh1 Bf6
35. Rb1 Kg7 36. Qa6 Re3 37. Nxb5 Bc6 38. Nbd4 Bxd4 39. cxd4 Qd5 40. Rf1 Re2 41.
Qa3 Qe6 42. Qa1 Bd5 43. Qc1 Qe4 44. Re1 Qd3 45. Rxe2 Qxe2 46. Qc3 Be4 47. Kh2
d5 48. Ne1 Bd3 49. Kg3 Qe3+ 50. Nf3 h6 51. Qd2 Qe7 52. Kf2 Qc7 53. Ne1 Be4 54.
Bxe4 dxe4 55. Qc3 f5 56. gxf5 Qf4+ 57. Ke2 gxf5 58. d5+ Kg6 59. Ng2 Qh2 60. Kf1
Qc7 61. Qd4 c3 62. d6 Qc6 63. Nf4+ Kf7 64. Qe5 Qd7 65. Qd5+ Kf6 66. Qd4+ Kg5
67. Ng2 c2 68. Qd2+ Kg6 69. Nf4+ Kh7 70. Ne2 Kg6 71. Qf4 Qb5 72. Qg3+ Kh7 73.
Qc3 f4 74. Qxc2 Qe5 75. d7 f3 76. d8=Q fxe2+ 77. Qxe2 Qf4+ 78. Qf2 1-0

[Event "Commonwealth & South African Open 2011"]
[Site "Emperors Casino and Conference"]
[Date "2011.06.24"]
[Round "5.45"]
[White "Ristovich, Dmitar"]
[Black "Paiva, Donaldo"]
[Result "0-1"]
[WhiteElo "1939"]
[BlackElo "2121"]
[PlyCount "116"]
[EventDate "2011.06.24"]

1. d4 Nf6 2. c4 g6 3. Nc3 Bg7 4. e4 d6 5. h3 O-O 6. Bg5 c5 7. d5 e6 8. Bd3 exd5
9. cxd5 Re8 10. Nf3 Na6 11. O-O Nc7 12. Re1 a6 13. a4 Rb8 14. a5 b5 15. axb6
Rxb6 16. Na4 Rb4 17. Qc2 Bd7 18. Bd2 Rb8 19. Ba5 Bb5 20. Nb6 Nd7 21. Nxd7 Qxd7
22. Bc3 Bxc3 23. bxc3 c4 24. Be2 Na8 25. Nd4 Nb6 26. Bg4 Qc7 27. Reb1 h5 28.
Be2 Nd7 29. f4 Nc5 30. Bf3 Qe7 31. Kh2 Qf6 32. g3 h4 33. Ra5 hxg3+ 34. Kxg3 Kg7
35. Nxb5 axb5 36. Rbxb5 Rxb5 37. Rxb5 Rh8 38. Bg4 Nd3 39. Qd2 Qh4+ 40. Kg2 Re8
41. Qe3 Ra8 42. Rb1 Ra2+ 43. Kg1 Nf2 44. Bc8 Nxe4 45. Rf1 f5 46. Bd7 Rd2 47.
Rf3 Rd3 48. Qe2 Rxf3 49. Qxf3 Qe1+ 50. Kg2 Nxc3 51. h4 Qd2+ 52. Kf1 Ne4 53. h5
c3 54. h6+ Kh7 55. Ba4 c2 56. Bxc2 Qxc2 57. Qe3 Qd1+ 58. Kg2 Qd2+ 0-1

[Event "Commonwealth & South African Open 2011"]
[Site "Emperors Casino and Conference"]
[Date "2011.06.24"]
[Round "5.46"]
[White "Abrantes, Persson"]
[Black "Klein, Bernard A"]
[Result "1/2-1/2"]
[WhiteElo "2068"]
[BlackElo "1937"]
[PlyCount "94"]
[EventDate "2011.06.24"]

1. d4 d5 2. c4 c6 3. e3 Nf6 4. Nc3 e6 5. Bd3 Nbd7 6. Nge2 dxc4 7. Bxc4 b5 8.
Bd3 a6 9. Qc2 c5 10. Be4 Nxe4 11. Nxe4 cxd4 12. Qc6 Bb4+ 13. Kf1 O-O 14. a3 Be7
15. Qxa8 Qc7 16. Bd2 Bb7 17. Qa7 Qc6 18. Qxd4 Qxe4 19. Qxe4 Bxe4 20. Rc1 Bd6
21. Bb4 Bxb4 22. axb4 Nb6 23. f3 Bd3 24. Kf2 Nd5 25. Rhd1 Nxb4 26. Rc7 Bc4 27.
Nc1 e5 28. Rcd7 Be6 29. Rd8 a5 30. Rxf8+ Kxf8 31. Nd3 Nxd3+ 32. Rxd3 Ke7 33. b3
a4 34. bxa4 bxa4 35. Ke1 e4 36. fxe4 Kf6 37. Kf2 g5 38. Kf3 h5 39. h4 gxh4 40.
Kf4 h3 41. gxh3 Bxh3 42. Rd4 Be6 43. Rxa4 h4 44. Ra5 h3 45. Rg5 Ke7 46. e5 Kd7
47. e4 Kc6 1/2-1/2

[Event "Commonwealth & South African Open 2011"]
[Site "Emperors Casino and Conference"]
[Date "2011.06.24"]
[Round "5.47"]
[White "James, Michael"]
[Black "Chabalala, Whisper"]
[Result "1-0"]
[WhiteElo "1932"]
[BlackElo "1508"]
[PlyCount "151"]
[EventDate "2011.06.24"]

1. e4 e6 2. d4 d5 3. Nd2 Nc6 4. Ngf3 Be7 5. c3 Nf6 6. e5 Nh5 7. Nb3 g6 8. Bh6
Rg8 9. Qd2 b6 10. g4 Ng7 11. h4 Kd7 12. Ng5 Bxg5 13. Bxg5 Qf8 14. O-O-O Bb7 15.
Kb1 Re8 16. Bf6 h5 17. f3 Kc8 18. Bd3 Kb8 19. Qe2 Rc8 20. Ba6 Na5 21. Bxb7 Nxb7
22. c4 Qb4 23. cxd5 exd5 24. Rc1 Ne6 25. Rhd1 c5 26. dxc5 bxc5 27. Qd2 Qxd2 28.
Rxd2 d4 29. Kc2 d3+ 30. Kxd3 g5 31. gxh5 gxh4 32. h6 Rg3 33. h7 Rxf3+ 34. Ke2
Rxf6 35. exf6 Rh8 36. Kf2 Rxh7 37. Kg2 Rh6 38. Rf2 h3+ 39. Kh2 a6 40. Rc3 Ng5
41. Rg3 Ne4 42. Rxh3 Rxf6 43. Rxf6 Nxf6 44. Rf3 Ng4+ 45. Kg3 Ne5 46. Rf5 Nd3
47. Rd5 c4 48. Na5 Nxb2 49. Nxb7 Kxb7 50. Rd2 c3 51. Rc2 Na4 52. Kf3 Kc6 53.
Ke4 Kc5 54. Kd3 Kb4 55. Rf2 Nc5+ 56. Kc2 Ne6 57. Rxf7 Nd4+ 58. Kd3 Nb5 59. Rf6
a5 60. Rb6 Kc5 61. Rb8 Kb4 62. Rh8 a4 63. Rh4+ Ka3 64. Kc2 Nd6 65. Kb1 Nb5 66.
Rc4 Nd6 67. Rxc3+ Kb4 68. Rh3 Nb5 69. Kb2 a3+ 70. Kc2 Nd4+ 71. Kd3 Ne6 72. Rh4+
Ka5 73. Kc4 Nc7 74. Rh5+ Ka4 75. Rh7 Nb5 76. Rd7 1-0

[Event "Commonwealth & South African Open 2011"]
[Site "Emperors Casino and Conference"]
[Date "2011.06.24"]
[Round "5.49"]
[White "Rubery, Mark C"]
[Black "Makhushini, Moses J"]
[Result "1/2-1/2"]
[WhiteElo "2239"]
[BlackElo "1731"]
[PlyCount "75"]
[EventDate "2011.06.24"]

1. e4 e5 2. Bc4 Nc6 3. d3 Bc5 4. Nf3 d6 5. c3 Nf6 6. Nbd2 O-O 7. Bb3 Bb6 8. h3
h6 9. Nf1 d5 10. Qe2 Re8 11. Ng3 a5 12. O-O Be6 13. Ba4 dxe4 14. dxe4 Bd7 15.
Bc2 Qe7 16. Nh4 Qf8 17. Nhf5 Ne7 18. Qf3 Nxf5 19. Nxf5 Bxf5 20. Qxf5 Qd6 21.
Rd1 Qe6 22. Qxe6 Rxe6 23. Kf1 Kf8 24. Ke2 Ree8 25. Be3 Bxe3 26. Kxe3 Ke7 27. g3
Red8 28. Bb3 Nd7 29. f4 f6 30. f5 Nc5 31. Bc2 Rxd1 32. Rxd1 Rd8 33. Rg1 Nd7 34.
h4 Nb6 35. Bb3 Nd7 36. g4 Kf8 37. Be6 Nc5 38. Bc4 1/2-1/2

[Event "Commonwealth & South African Open 2011"]
[Site "Emperors Casino and Conference"]
[Date "2011.06.24"]
[Round "5.50"]
[White "Mathe, Lehlogonolo D"]
[Black "Mmoneng, Patrick L"]
[Result "1-0"]
[WhiteElo "2222"]
[BlackElo "1720"]
[PlyCount "65"]
[EventDate "2011.06.24"]

1. d4 Nf6 2. c4 g6 3. Nc3 Bg7 4. e4 d6 5. Nf3 O-O 6. Be2 e5 7. O-O Nc6 8. d5
Ne7 9. a4 Ne8 10. Ne1 f5 11. f3 f4 12. b4 g5 13. a5 h5 14. a6 b6 15. c5 Nf6 16.
Nd3 g4 17. cxd6 cxd6 18. b5 g3 19. h3 Bxh3 20. Nb4 Bd7 21. Bc4 Ne8 22. Nc6 Bxc6
23. dxc6+ Kh8 24. Be6 Nc7 25. Bd7 Rf6 26. Ba3 Ne8 27. Qb3 Rc8 28. Rfd1 Rc7 29.
Bxe8 Qxe8 30. Bxd6 Rc8 31. Bxe5 Qg6 32. Nd5 Nxd5 33. Rxd5 1-0